[Event "Treppenturnier 2023"]
[Site "Turnierstufe"]
[Date "2024.03.26"]
[Round "25-4"]
[White "Reflection II Glasgow III-S 1,7 GHz"]
[Black "Obsidian "]
[Result "0-1"]
[WhiteElo "1998"]
[BlackElo "1981"]
[PlyCount "142"]

1.d4 d5 2.c4 dxc4 3.Nf3 Nf6 4.e3 {Buchende.} 4...Bg4 5.Bxc4 e6 6.O-O Nbd7 7.Nc3 
Bd6 8.e4 e5 {Buchende.} 9.Qb3 Bxf3 10.Bxf7+ Kf8 11.gxf3 exd4 12.Nb5 Nc5 13.Qc4 
Qe7 14.Nxd6 Qxd6 15.b4 Ncd7 16.Qb3 a5 17.bxa5 $6 ( 17.Bc4 axb4 18.Bd2 Ne5 
19.Bxb4 c5 20.Bd2 Nxc4 21.Qxc4 {...} ) 17...Nc5 18.Qc4 Rxa5 19.a3 Ra4 20.Qa2 
Nfd7 21.Rd1 Ne5 22.Bh5 g6 23.Bh6+ Ke7 24.Bg7 $2 {Glasgow verzettelt sich, weil
er das Zusammenspiel seiner Figuren außer Acht lässt.} 24...Rha8 {Nur der
zweitbeste Zug.} ( {Wesentlich stärker, aber nicht zu erkennen ist:} 24...gxh5 
$1 25.Bxh8 ( 25.Bxe5 Qxe5 26.Qe2 Rf8 27.Ra2 Qf4 28.Rad2 Rxa3 {...} ) ( 25.Kf1 
Rha8 26.Qd5 Qxd5 27.exd5 Nxf3 {...} ) 25...Nxf3+ 26.Kg2 Qg6+ 27.Kh1 ( 27.Kxf3 
Qg4# ) 27...Qxe4 28.Rg1 Nxg1+ 29.Kxg1 Ra8 {droht Tg8.} 30.Bxd4 Ne6 31.Bc5+ Nxc5 
32.f3 Qxf3 {...} ) 25.Bxe5 Qxe5 26.Bg4 Kf6 27.Bh3 Kg7 28.Qb2 Rf8 29.Bg2 h6 
30.Kf1 Qd6 31.h3 Qa6+ 32.Kg1 Ne6 {Obsidian ist klar im Vorteil, aber er weiß
nicht, wo er den Hebel ansetzen muss. Eine Idee wäre, c5 durchzusetzen, eine
weitere, den Ta4 aus der Sackgasse zu holen. Das erfordert aber gehörige
Rechenarbeit.} 33.Bf1 Qa7 34.Rd3 Kh7 {Schwarz hat keinen Plan, Weiß wartet ab
und hat seine Schwachpunkte (a3, f3, f4) unter Kontrolle.} 35.Rb3 Nc5 36.Rb4 
Rd8 37.Qa2 Kg7 38.Qb2 Rxb4 39.axb4 Qb6 40.Bc4 Ne6 41.Rd1 Nf4 {Ein Mensch hätte
den Springer wohl längst da hingestellt.} 42.Bf1 Kh7 43.Qc1 Qd6 44.Qc4 Qd7 
45.h4 Qg7 46.Qc5 b6 47.Qc4 Kh8 48.Kh2 Qe5 ( 48...g5 $1 49.Bh3 {noch der beste
Zug.} ( 49.hxg5 $2 Qxg5 50.Rxd4 Qh4+ 51.Kg1 Rg8+ {...} ) 49...gxh4 50.Rg1 Qe5 
51.Qc6 Ne2+ 52.Kh1 {...} ) 49.Kg1 c5 50.Qb5 Qd6 51.Rc1 Rc8 ( {Zu rechenintensiv
sind die Varianten nach} 51...d3 $1 52.bxc5 bxc5 {und z.B.} 53.Ra1 ( 53.Rxc5 $2 
d2 {...} ) ( 53.Qb3 Qc7 54.Qc3+ Kh7 55.Qc4 Qe7 {...} ) 53...Qc7 54.Qa6 c4 {...} 
) 52.Rb1 Qd8 {Obsidian kommt nicht weiter...} 53.Re1 {... und Glasgow wartet
ab.} 53...Qxh4 54.Qxb6 {Und dann tut sich doch noch was.} 54...Qg5+ 55.Kh2 $6 
Qe5 56.Kg1 Qg5+ 57.Kh2 Qh5+ 58.Kg1 Qe5 59.Qa6 {Mephisto will weiterspielen.} 
59...Qg5+ 60.Kh2 Qd8 {Rest in je 1 Stunde.} 61.Rd1 $2 Ra8 62.Qb5 $4 {Für diesen
sehr schlechten Zug braucht der Reflection-Glasgow 2'43''.} ( 62.Qc4 {wäre noch
spielbar gewesen.} ) 62...Ra2 {Na klar.} 63.Bh3 {(-5.23)} 63...Rxf2+ {(+5.62)} 
64.Kg3 Rc2 {Das spielt Obsidian sicher nach Hause.} 65.Qxc5 Nh5+ 66.Qxh5 gxh5 
67.f4 Qg8+ {Mattankündigung.} 68.Kh4 Rg2 69.Kxh5 Qf7+ 70.Kh4 Qxf4+ 71.Kh5 Qg5# 0-1

[Event "Treppenturnier 2023"]
[Site "Turnierstufe"]
[Date "2024.03.27"]
[Round "26-1"]
[White "Obsidian "]
[Black "Polgar"]
[Result "1/2-1/2"]
[WhiteElo "1991"]
[BlackElo "1997"]
[PlyCount "149"]

1.e4 c5 2.Nf3 d6 3.d4 cxd4 4.Nxd4 Nf6 5.Nc3 a6 6.Bg5 e6 7.f4 Be7 8.Qf3 Qc7 
9.O-O-O Nbd7 10.g4 b5 11.Bxf6 Nxf6 12.g5 Nd7 13.f5 Nc5 14.f6 gxf6 15.gxf6 Bf8 
16.Rg1 {Buchende.} 16...b4 {Buchende.} 17.Nce2 Bb7 18.Ng3 d5 19.exd5 Bxd5 
20.Qe3 Qa5 21.Ndf5 Qxa2 {Zu gierig, es kommt} 22.Rxd5 Qxd5 23.Bg2 {Den Zug hatte
Polgar nicht erwartet - erstaunlich.} 23...Nb3+ 24.cxb3 Rc8+ 25.Kb1 Qc5 26.Ng7+ 
Kd7 ( 26...Bxg7 27.Qxc5 Rxc5 28.fxg7 Rg8 29.Ne4 Rf5 30.Nd6+ {...} ) 27.Rd1+ 
{(+02.83)} 27...Bd6 {(-2.18)} 28.Qe2 Qb5 29.Qxb5+ ( {Viel stärker ist, die Damen
nicht zu tauschen, z.B.} 29.Qd2 Qe5 30.Ne4 Rc6 31.Qxb4 Qb5 32.Rxd6+ Kc7 
33.Nxe6+ fxe6 34.Rxc6+ Qxc6 35.f7 {... Das kann Obsidian jedoch unmöglich
finden.} ) 29...axb5 30.N7f5 $6 ( 30.Ne4 Rc6 31.Ng5 Rf8 32.Bxc6+ Kxc6 33.Nxh7 
Ra8 34.Ng5 Rf8 35.h4 {... ist stärker, aber wiederum zu tief.} ) 30...exf5 
31.Nxf5 {Jetzt kann Polgar wieder kämpfen.} 31...Ke6 32.Nxd6 Rb8 33.Ne4 Rbg8 
34.Bf3 Ke5 35.Nd6 Kxf6 36.Bd5 Rb8 37.Nxf7 Rhe8 38.Rf1+ Kg7 39.Nd6 Re2 40.h4 Rd8 
41.Rf7+ Kh8 42.Nf5 Re5 43.Bf3 Rde8 44.Nd4 Kg8 45.Rd7 Kh8 46.Kc2 Rg8 47.Bd5 Rf8 
48.Kd3 Rh5 49.Ne6 Rb8 50.Kd4 Rc8 51.Bc6 Re8 52.Ng5 Rxh4+ 53.Be4 Rh2 54.Ra7 {Was
soll denn dieser Zug? Warum schlägt er nicht einfach auf h7?} 54...Rd2+ ( 
{Keinesfalls} 54...Rxb2 {dann kommt} 55.Rxh7+ Kg8 56.Bd5+ Kf8 57.Rf7+ Kg8 
58.Rd7+ Re6 59.Bxe6+ Kf8 60.Nh7+ Ke8 61.Nf6+ Kf8 62.Rf7# ) 55.Ke3 Rh2 56.Kf3 
Rf8+ 57.Kg3 Rh5 58.Nxh7 $6 {Nun schlägt er - zum ungünstigsten Zeitpunkt.} 
58...Rg8+ 59.Kf4 Rh4+ 60.Kf3 Rh3+ {Rest in je 1 Stunde.} 61.Kf4 Rh4+ 62.Ke3 
Rg3+ 63.Kd4 Rxb3 64.Nf8 Kg8 65.Ng6 Rg4 66.Ke5 Rxe4+ $1 {sichert mindestens ein
Remis.} 67.Kxe4 Rxb2 68.Rb7 Re2+ 69.Kd3 Re6 70.Ne7+ Kh8 71.Nd5 Rh6 72.Rxb5 Rh3+ 
73.Ne3 Rh4 74.Rb7 Rh3 75.Rxb4 {Die Partie wurde noch weitergespielt und nach
Turmtausch Remis gegeben.} 1/2-1/2

[Event "Treppenturnier 2023"]
[Site "Turnierstufe"]
[Date "2024.03.31"]
[Round "26-2"]
[White "Polgar"]
[Black "Obsidian "]
[Result "1/2-1/2"]
[WhiteElo "1997"]
[BlackElo "1991"]
[PlyCount "190"]

1.e4 e5 2.Nf3 Nc6 3.Bb5 a6 4.Ba4 Nf6 5.O-O Nxe4 6.d4 b5 7.Bb3 d5 8.dxe5 Be6 
9.Qe2 Be7 10.Rd1 O-O 11.c4 bxc4 12.Bxc4 Bc5 13.Be3 Bxe3 {Buchende.} 14.Qxe3 
{Buchende.} 14...Rb8 {So Mancher hätte die Dame aus der Schusslinie nach b8
gezogen.} 15.Nc3 Nxc3 16.bxc3 a5 17.Bb3 Ne7 {Alles dreht sich um die
aufgespießte Dame und den Punkt d5.} 18.c4 c6 19.Rac1 Bg4 20.cxd5 cxd5 21.Rc5 
Be6 22.Qd3 Qb6 23.Ng5 Bf5 24.Qd4 $10 {Der weiße Druck in der Mitte sieht
furchterregend aus, aber der Nachziehende hat alles unter Kontrolle.} 24...h6 
25.Nf3 Rfc8 26.Rxc8+ Bxc8 27.Qxb6 Rxb6 28.Ne1 Be6 29.f3 g6 30.h4 Nc6 31.Nd3 Kg7 
32.Nf4 Nxe5 33.Nxd5 Rb7 34.Kf2 Rd7 35.f4 a4 36.Bxa4 Ng4+ 37.Kg3 Rxd5 38.Rxd5 
Bxd5 39.Kxg4 Bxg2 $6 {Nimmt den falschen Bauern und macht sich das Leben
schwer.} 40.Bb5 {Polgar weiß, was er jetzt machen muss.} 40...Kf6 41.a4 Ke6 
42.Bc4+ Bd5 43.Be2 Be4 44.a5 Kd5 45.Kg3 Kc5 46.Kf2 Bf5 47.Ke3 Bh3 48.Bd3 Bc8 
{Für die Analyse-Engine hat Weiß bereits gewonnen.} 49.Kf3 {Jetzt nicht mehr.} 
49...Kd4 50.Ke2 Kc5 {Jetzt doch wieder.} 51.Ke3 Bg4 52.Kf2 {Ab jetzt lassen wir
die Zwei ohne Kommentar weiterspielen.} 52...Be6 53.Ke1 Bd7 54.Be2 Bb5 55.Bf3 
Bc4 56.Kf2 Kb4 57.Ke3 Kxa5 58.h5 Bb5 59.Kd4 Be8 60.Kc5 Bb5 {Rest in je 1
Stunde.} 61.Kd4 gxh5 62.Bxh5 f6 63.Kd5 Bd7 64.Kd6 Bh3 65.Bg6 Kb4 66.Ke7 f5 
67.Kf6 Bg4 68.Bxf5 Bf3 69.Kg6 h5 70.Kg5 Kc5 71.Bg6 Kd6 72.Bxh5 Be4 73.Bg6 Bd5 
74.f5 Be6 75.f6 Ke5 76.Bh5 Bd5 77.Kg6 Be4+ $4 78.Kf7 ( 78.Kg7 Bd5 79.Bf7 Bc6 
80.Ba2 Be8 81.Bb1 Kd5 82.Bf5 Kc5 83.Bg6 {...} ) 78...Bd5+ 79.Ke7 Kd4 $2 80.Bf7 
Bf3 81.Be6 Bh5 82.Bg4 $2 Bg6 83.Be2 Ke5 84.Bd1 Be8 85.Bc2 Bh5 86.Bb3 Bg6 87.Bc4 
Bh5 88.Ba6 Bg6 89.Bb5 Bh5 90.Bc6 Bg6 91.Bg2 Bh5 92.Bh3 Bg6 93.Bd7 Bh5 94.Bb5 
Bg6 95.Bc6 Bh5 {usw. usw. Remis gegeben.} 1/2-1/2

[Event "Treppenturnier 2023"]
[Site "Turnierstufe"]
[Date "2024.04.01"]
[Round "26-3"]
[White "Obsidian"]
[Black "Polgar"]
[Result "1-0"]
[WhiteElo "1991"]
[BlackElo "1997"]
[PlyCount "109"]

1.Nf3 d5 2.c4 c6 3.d4 {Buchende.} 3...Nf6 4.cxd5 cxd5 {Buchende.} 5.e3 Bg4 
6.Qb3 Qc7 7.Bb5+ Nbd7 8.Nc3 Bxf3 9.gxf3 a6 10.Bd3 e6 11.Bd2 Bd6 12.Rc1 Qb8 
13.e4 dxe4 14.fxe4 Bxh2 $2 {Sehr kurzsichtig. Oder Absicht?} 15.e5 Bxe5 16.dxe5 
Nc5 17.Qc2 Qxe5+ {Drei Bauern für den Läufer - meistens ist das kein guter
Tausch.} 18.Be2 Rd8 19.Be3 O-O 20.Rh4 Rfe8 21.Rc4 Ncd7 22.Bf4 {(+01.37)} 
22...Qf5 {(-0.79)} 23.Qxf5 exf5 24.Rd1 Rc8 25.Rxc8 Rxc8 26.Nd5 Re8 27.Kf1 h6 
28.Bf3 g5 {Das Läuferpaar wird nun bärenstark.} 29.Bd6 Kg7 30.Nxf6 Nxf6 31.Bxb7 
a5 32.Rc1 h5 33.Rc5 a4 34.Rxf5 Kg6 35.Re5 Rd8 36.Bc5 Rb8 37.Re7 h4 38.Ke2 Rd8 
39.Bb6 Rh8 {Ergreift den letzten Strohhalm.} 40.Kd3 $6 {Kümmert sich nicht um
den Strohhalm.} 40...h3 41.Bd4 g4 42.Bc6 Rc8 43.Bxa4 Nd5 44.Re4 f5 {Polgar
spielt stark mit seinen Bauern, aber sein Gegner lässt es auch zu.} 45.Re6+ $6 
{Obsidian verplempert den gesamten Vorteil.} 45...Kh7 $2 {Greift daneben...} ( 
{Natürlich} 45...Kg5 $1 46.Be5 Nf4+ 47.Bxf4+ Kxf4 48.Ke2 Rc1 {...} ) 46.Be3 $2 
{... greift auch daneben.} ( 46.Be5 $1 {...} ) 46...Nb4+ $2 ( 46...Nxe3 $1 
47.Rxe3 Rc1 {...} ) 47.Kd4 Nxa2 $2 {Schade. Polgar verliert den Faden.} 48.Ke5 
Ra8 49.Bb3 Ra5+ 50.Kf6 Ra8 {Polgar gibt auf.} 51.Re7+ {Mattankündigung.} 
51...Kh8 52.Bd4 Rg8 53.Kxf5+ Rg7 54.Rxg7 h2 55.Re7# 1-0

[Event "Treppenturnier 2023"]
[Site "Turnierstufe"]
[Date "2024.04.03"]
[Round "26-4"]
[White "Polgar"]
[Black "Obsidian"]
[Result "1-0"]
[WhiteElo "1987"]
[BlackElo "2001"]
[PlyCount "156"]

1.c4 c5 2.Nc3 Nc6 3.Nf3 Nf6 4.g3 {Buchende.} 4...e6 5.Bg2 d5 6.d3 Be7 
{Buchende.} 7.Bg5 O-O 8.O-O Bd7 9.Rc1 d4 10.Na4 Qa5 11.b3 h6 12.Bf4 Nh5 13.Bd2 
Qa6 14.e4 Nf6 15.e5 Ng4 16.Re1 f6 17.exf6 Nxf6 18.Nh4 Bd6 19.Ng6 Rfe8 20.f4 Nd8 
{Polgar hat sich eine überlegene Stellung erarbeitet, aber was nun?} 21.Ne5 
Bxa4 22.bxa4 Bxe5 23.Rxe5 Nd7 24.Re1 Rc8 25.Rb1 Rf8 26.Qb3 Rb8 27.Be4 Qd6 28.f5 
b6 29.Bf4 ( 29.fxe6 Nxe6 30.Bd5 Rbe8 31.Qb5 Re7 32.Bf4 {... und Schwarz hat
große Probleme.} ) 29...e5 {Es ist nichts Zählbares herausgekommen.} 30.Bd2 Nc6 
31.Kh1 a6 32.Rf1 Nf6 33.Bg2 $10 Kh8 34.a3 Ne7 35.Qd1 Qc7 36.Qe2 Nd7 37.Qe4 Rf7 
38.g4 {Polgar macht weiter Druck, sein Gegner muss sich umsichtig verteidigen.} 
38...Nf6 39.Qf3 Rff8 40.Qh3 Kg8 41.Rfe1 Nd7 42.Bf3 {Nach 11 Minuten gespielt,
den starken Zug 42. g5! verwirft Polgar im letzten Moment.} 42...Qd6 43.Be4 Nf6 
44.Bg2 {Ein Remis reicht Obsidian zum Weiterkommen.} 44...Qc7 45.Bf3 Nd7 46.Rg1 
{Weiß startet wohl doch noch einen Angriff.} 46...Kh7 $6 47.g5 $1 {Schön.} 
47...Nxf5 {(-00.12)} 48.Be4 {(+1.30) Hiarcs 15.3.1 zeigt mehr als 12
Bauerneinheiten für Weiß an.} 48...g6 49.Rbf1 ( 49.Bxf5 $1 Kg7 ( 49...Rxf5 
50.Qxh6+ Kg8 51.Qxg6+ Kf8 52.Qxf5+ Ke7 53.g6 {...} ) 50.Qxh6+ Kf7 51.Qxg6+ Ke7 
52.Qe6+ Kd8 53.g6 Rxf5 54.g7 {...} ) 49...h5 50.Bxf5 Rxf5 51.Rxf5 gxf5 52.Qxh5+ 
Kg7 53.Qh6+ Kg8 54.Qg6+ Kf8 55.Qxf5+ Ke7 56.Qh7+ Kd8 57.Qg8+ Ke7 58.Qd5 Qb7 
59.Qxb7 Rxb7 60.h4 {Polgar ist in seinem Element.} 60...e4 {Rest der Partie in
je 1 Stunde.} 61.dxe4 Ne5 62.h5 Nxc4 $6 ( {Besser:} 62...Nf3 ) 63.Bf4 Kf8 64.g6 
Kg8 65.h6 Re7 66.Bg5 Rc7 ( 66...Rxe4 $2 67.h7+ Kg7 68.Bf6+ Kxf6 69.h8=Q+ Ke7 
70.g7 Kd7 71.g8=Q Nd6 72.Rg7+ Kc6 73.Qa8+ Nb7 74.Qxb7+ Kd6 75.Qxe4 b5 76.Qf8# ) 
67.Bf6 Nd2 68.h7+ Rxh7+ 69.gxh7+ Kxh7 70.e5 Ne4 71.Bh4 d3 72.e6 c4 73.Bd8 b5 
74.Ba5 Nd6 75.axb5 axb5 76.Rg5 Kh6 77.Rd5 Nc8 78.Rxb5 Kg6 {(rESiGn) Obsidian
gibt auf.} 1-0

[Event "Treppenturnier 2023"]
[Site "Turnierstufe"]
[Date "2024.04.05"]
[Round "26-5"]
[White "Obsidian "]
[Black "Polgar"]
[Result "0-1"]
[WhiteElo "1991"]
[BlackElo "1997"]
[PlyCount "119"]

1.c4 e5 2.Nc3 Nf6 3.Nf3 Nc6 4.g3 d5 5.cxd5 Nxd5 6.Bg2 Nb6 7.O-O Be7 8.d3 
{Buchende.} 8...Be6 {Buchende.} 9.Nd2 Nd5 10.Qb3 Nd4 {Ungewöhnlich, dass der
Oldie den Bauern b7 anbietet - auch wenn sein Springer nach e2 schielt.} 
11.Qxb7 Rb8 12.Qxa7 Nxc3 13.bxc3 Nxe2+ 14.Kh1 O-O 15.Nf3 Qxd3 16.Qxc7 Bd6 
17.Qa5 Ra8 18.Qb6 Rfb8 {Sieht gut aus, aber nun kann Weiß die Damen tauschen und
so für Entlastung sorgen.} ( 18...Nxc3 {ist kraftvoller.} ) 19.Qe3 Qxc3 20.Qxc3 
Nxc3 21.a3 f6 22.Re1 Ra4 {Polgar spielt weiterhin stark und mit Übersicht.} 
23.Nd2 f5 24.Nf3 Ne4 25.Kg1 Bd5 26.Nd2 Nf6 27.Bxd5+ Nxd5 28.Nf3 Nb4 $10 29.Rd1 
Nc2 30.Ra2 Nd4 31.Kg2 Rb3 32.Nxd4 exd4 33.Rad2 Bc5 34.h3 {Umständlich.} ( 
34.Rc2 Bxa3 35.Bxa3 Rbxa3 36.Rcd2 Kf7 37.Rxd4 Rxd4 38.Rxd4 {... und Remis.} ) 
34...Kf7 35.Rd3 Rxd3 36.Rxd3 Ke6 37.f4 $6 {Obsidian manövriert sich allmählich
ins Abseits.} ( 37.Kf3 {oder} ) ( 37.g4 {machen Sinn.} ) 37...Rc4 38.Bd2 Kd5 
39.Kf3 Rc2 {Polgar spielt wirklich gut und droht Kc4.} 40.g4 {(-01.45)} 
40...Kc4 {(+1.39)} 41.Ke2 g6 42.gxf5 gxf5 43.Rg3 Ra2 44.Kd1 Bxa3 ( 44...d3 $1 ) 
45.Rg7 h5 46.Ra7 Kd3 $10 $2 {Gibt ein gewonnenes Spiel wieder aus der Hand.} ( 
{Besser:} 46...Ra1+ $1 47.Ke2 d3+ 48.Kf3 Rf1+ 49.Kg3 Bc5 {...} ) 47.Bc1 Bxc1 
48.Rxa2 Bxf4 49.Ra7 h4 50.Rh7 $2 {verliert.} ( {Es könnte so weitergehen:} 
50.Ra6 Be3 51.Ke1 Ke4 52.Re6+ Kf3 53.Rd6 Kg2 54.Rg6+ Kxh3 55.Ke2 f4 56.Rg7 d3+ 
57.Kxd3 Kh2 58.Ke4 h3 59.Rf7 Bf2 60.Kf3 Kg1 61.Rg7+ Bg3 62.Rb7 Kf1 63.Rb1+ Be1 
64.Rb2 Bg3 65.Rb1+ {... Remis, aber kein Bretti bzw. die wenigsten Menschen
können das überblicken.} ) 50...Bg3 51.Re7 f4 52.Rf7 Ke3 53.Re7+ Kf2 54.Kd2 Kg2 
55.Rf7 Kxh3 56.Kd3 Kg2 57.Rc7 f3 58.Rc2+ f2 59.Ke4 h3 60.Rd2 {(rESiGn) Obsidian
gibt auf.} 0-1

[Event "Treppenturnier 2023"]
[Site "Turnierstufe"]
[Date "2024.04.06"]
[Round "27-1"]
[White "Polgar"]
[Black "Chess Challenger"]
[Result "1/2-1/2"]
[WhiteElo "2007"]
[BlackElo "2000"]
[PlyCount "111"]

1.e4 c5 2.c3 d5 3.exd5 Qxd5 4.d4 Nc6 {Buchende.} 5.Nf3 Bg4 6.Be2 cxd4 7.cxd4 
{Buchende.} 7...Nf6 8.Nc3 Qa5 9.h3 Bh5 10.Bd2 Rd8 11.g4 Bg6 12.g5 Nd5 13.Na4 
Ndb4 $6 ( 13...Qc7 {ist wohl sicherer.} ) 14.a3 Nc2+ 15.Qxc2 Bxc2 16.Bxa5 Nxa5 
17.Bb5+ Nc6 18.Nc5 a6 19.Bxc6+ bxc6 20.Rc1 Bg6 21.Nxa6 e6 22.Rxc6 Be4 23.Rc3 
Bxf3 24.Rxf3 Rxd4 25.b4 {Vorwärts!} 25...Bd6 26.Rg1 Ke7 {Besser als zu
rochieren.} 27.Rg4 Rxg4 28.hxg4 Rc8 29.Rb3 Rc6 30.b5 Rc4 31.b6 Re4+ 32.Kd2 Rxg4 
33.b7 Rxg5 34.b8=Q Bxb8 35.Nxb8 Rf5 36.Ke2 Kd6 37.Rd3+ Rd5 38.Rxd5+ exd5 39.Na6 
h5 40.a4 h4 41.Kf1 g5 42.Kg2 {Das riecht nach Remis.} 42...g4 43.a5 f5 44.Kh2 
d4 45.Nb4 Kc5 46.a6 Kb6 47.Kg2 Ka7 48.Kg1 Kb6 49.Kh2 h3 50.Kh1 Kc7 51.Nd3 Kb6 
52.Nc5 Ka7 53.Kg1 Kb6 54.Kh1 Ka7 55.Kg1 Kb6 56.Kh1 {Beide reklamieren Remis 3x.} 1/2-1/2

[Event "Treppenturnier 2023"]
[Site "Turnierstufe"]
[Date "2024.04.09"]
[Round "27-2"]
[White "Chess Challenger"]
[Black "Polgar"]
[Result "1-0"]
[WhiteElo "2000"]
[BlackElo "2007"]
[PlyCount "54"]

1.e4 e6 2.d4 d5 3.Nc3 Nf6 4.e5 Nfd7 5.f4 c5 6.Nf3 Nc6 7.Be3 Qb6 8.Na4 Qa5+ 9.c3 
cxd4 10.b4 Nxb4 11.cxb4 {Buchende.} 11...Bxb4+ 12.Bd2 Bxd2+ 13.Nxd2 b6 
{Buchende.} 14.Bd3 Nc5 15.Nxc5 bxc5 16.O-O c4 $2 ( 16...O-O ) 17.Bxc4 dxc4 
18.Nxc4 Qc5 {Nach 15 Minuten gespielt, Polgar merkt, dass es Schwierigkeiten
gibt ...} 19.Nd6+ Kd7 20.Qa4+ Ke7 21.Rfc1 Qb6 22.Rab1 Qd8 23.Nxc8+ ( 23.Qa3 
{Matt in 12} 23...Qd7 24.Nxc8+ Ke8 25.Nd6+ Kf8 26.Rc8+ Rxc8 27.Nxc8+ Ke8 
28.Nd6+ Ke7 29.Nf5+ Kd8 30.Rb8+ Kc7 31.Qxa7+ Kc6 32.Qb6+ Kd5 33.Qxd4+ Kc6 
34.Qc4# ) 23...Rxc8 24.Rb7+ Kf8 25.Rxc8 Qxc8 26.Qb4+ Kg8 27.Rb8 h6 {und Polgar
gibt auf.} 1-0

[Event "Treppenturnier 2023"]
[Site "Turnierstufe"]
[Date "2024.04.09"]
[Round "27-3"]
[White "Polgar"]
[Black "Chess Challenger"]
[Result "0-1"]
[WhiteElo "1997"]
[BlackElo "2010"]
[PlyCount "148"]

1.e4 c6 2.d4 d5 3.Nc3 dxe4 4.Nxe4 Nd7 5.Bc4 Ngf6 6.Ng5 e6 7.Qe2 Nb6 {Buchende.} 
8.Bd3 {Buchende.} 8...Qxd4 {Ergattert einen Bauern auf Kosten der Entwicklung
und einer exponierten Dame.} 9.N1f3 Qd5 10.O-O h6 11.Ne4 Nxe4 12.Bxe4 Qh5 
13.Bf4 Be7 14.Rad1 O-O 15.Rfe1 Nd5 16.Be5 Nf6 17.Bd3 Rd8 18.Bc7 Rd5 19.Be5 b6 
20.c4 Rd8 21.Rd2 $6 {Nun kann Schwarz seine Entwicklung abschließen und hat
einen gesunden Mehrbauern.} 21...Bb7 22.Bc2 $6 {inkonsequent.} ( {Wenn schon der
eine Turm nach d2 gestellt wird, sollte doch} 22.Red1 {folgen.} ) 22...c5 {Bahn
frei für den Läufer.} 23.Bd1 {Polgar wirkt jetzt etwas planlos.} 23...Rxd2 
24.Nxd2 Qg6 25.Nf3 Rd8 26.a3 Bd6 27.Nh4 Qe4 ( {Vielleicht doch eher} 27...Qg5 
{und z.B.} 28.Bxd6 Rxd6 29.Nf3 Qc1 30.h3 Bxf3 31.Qxf3 Rd8 32.b3 Qxa3 {...} ) 
28.Bxd6 Rxd6 29.Nf3 Qxe2 {Der Tausch verschafft Polgar etwas Luft.} 30.Bxe2 Kf8 
31.Rd1 Ke7 32.Ne5 Rd4 33.b4 Nd7 34.Nxd7 Kxd7 ( {Stark ist diese Abwicklung:} 
34...Rxd1+ 35.Bxd1 cxb4 $1 36.axb4 ( 36.Ne5 bxa3 37.Bb3 Kd6 38.Nd3 Be4 39.Nc1 
Kc5 40.Kf1 Kb4 {...} ) 36...Kxd7 37.g3 a5 38.bxa5 bxa5 39.Kf1 Kc6 {...} ) 35.f3 
a5 ( {Schön, aber zu langzügig ist:} 35...Rxd1+ 36.Bxd1 cxb4 37.axb4 a5 38.bxa5 
bxa5 39.Kf2 Kc6 40.Ke2 Kc5 41.Kd3 Kb4 42.Kd4 f6 43.c5 a4 44.Bxa4 Kxa4 {...} ) 
36.bxc5 bxc5 37.Kf2 e5 38.Ke3 Ba6 39.Rc1 f5 40.Bd3 Ke6 41.Rc3 g6 42.h3 h5 
43.Rc2 g5 44.Rc1 g4 45.hxg4 hxg4 46.Rc3 f4+ 47.Kf2 Kf6 48.Ke1 {Wie kommt Schwarz
nun weiter?} 48...Kg5 ( 48...g3 {sieht gut aus und dann:} 49.Ke2 e4 50.fxe4 Ke5 
51.Rb3 Rxe4+ 52.Kd2 ( 52.Bxe4 $2 Bxc4+ {...} ) 52...Bxc4 53.Bxc4 Rxc4 {...} ) 
49.Kf2 Bc8 50.Ke2 gxf3+ 51.gxf3 Bf5 52.Bc2 Bxc2 53.Rxc2 a4 54.Rc3 Kf5 55.Ke1 
Rd6 56.Kf2 e4 57.fxe4+ Kxe4 58.Kg2 Rd2+ 59.Kh3 f3 {Schön.} 60.Kg3 Rg2+ {Rest in
je 1 Stunde.} 61.Kh3 Kf4 ( {Etwas schneller ist:} 61...Rg1 $1 62.Rc2 Ke3 
63.Rc3+ Kf4 64.Kh2 f2 65.Rh3 f1=Q 66.Rh4+ Kf5 67.Rh5+ Rg5 68.Rxg5+ Kxg5 69.Kg3 
Qe2 70.Kh3 Kf4 71.Kh4 Qh2# ) 62.Rc1 Re2 63.Rf1 Re3 64.Kh4 Rxa3 65.Rc1 f2 66.Rb1 
Rf3 67.Rb8 f1=Q 68.Rf8+ Ke5 69.Re8+ Kd4 70.Rd8+ Kxc4 71.Rd2 Qh3+ 
{Mattankündigung.} 72.Kg5 Rf5+ 73.Kg6 Qg4+ 74.Kh7 Rh5# 0-1

[Event "Treppenturnier 2023"]
[Site "Turnierstufe"]
[Date "2024.04.11"]
[Round "27-4"]
[White "Chess Challenger"]
[Black "Polgar"]
[Result "0-1"]
[WhiteElo "2020"]
[BlackElo "1987"]
[PlyCount "114"]

1.e4 e5 2.Nf3 Nc6 3.d4 exd4 4.Nxd4 Nf6 5.Nc3 Bb4 6.Nxc6 bxc6 7.Bd3 d5 8.exd5 
{Buchende.} 8...cxd5 {Buchende.} 9.Qe2+ Be6 10.Bb5+ Kf8 {Polgar spielt jetzt nur
mit einem Turm.} 11.O-O Bxc3 12.bxc3 Qd6 13.c4 c6 14.cxd5 Bg4 15.f3 Re8 16.Qf2 
cxb5 17.fxg4 {Keine guten Aussichten für Schwarz.} 17...Qxd5 18.Ba3+ $6 ( 
{Kräftiger ist:} 18.g5 $1 Ne4 19.Qxa7 {...} ) 18...Kg8 19.Rae1 $6 {Der Vorteil
für Weiß ist nach zwei ungenauen Zügen dahin, nur der schwarze Turm ist immer
noch eingequetscht.} 19...Rxe1 20.Rxe1 Qxa2 $2 21.Qxa7 $2 {Beide gehen auf
Bauernjagd.} ( {Mit} 21.Qc5 $1 h6 22.Qc8+ Kh7 23.Qf5+ Kg8 ( 23...g6 $2 24.Qxf6 
{...} ) 24.Rd1 Qxa3 25.Rd8+ Qf8 26.Rxf8+ Kxf8 {... hat der Challenger eine
starke Antwort.} ) 21...h6 22.Qc5 Qc4 23.Qxc4 bxc4 24.Re7 Nxg4 25.Bb2 h5 26.h3 
Nh6 27.Rc7 Kh7 28.Rxc4 Rb8 {Erstmals ist dieser Turm im Spiel. Ein Remis ist
nicht weit.} 29.Bc3 Kg6 30.Kf2 Nf5 31.Kf3 Re8 32.Rc6+ f6 33.g4 hxg4+ 34.hxg4 
Ne7 35.Re6 Rc8 36.Ba1 Nd5 37.Rd6 Nc3 38.Rd7 Nb1 39.Rd1 Na3 40.c3 Rc5 41.Rd8 Nc4 
42.Kf4 f5 43.gxf5+ Rxf5+ 44.Ke4 Rf1 45.Ra8 Rd1 46.Ra6+ Kh5 47.Ra4 Nd2+ 48.Ke3 
Nb3 49.Bb2 g5 50.Rb4 Nc5 51.Rd4 Rb1 52.Ba3 Rb3 53.Bb4 Na6 54.Kd3 Nxb4+ 55.Kc4 
$4 {Polgar bedankt sich und gewinnt doch noch:} 55...Nc6 56.Kxb3 Nxd4+ 57.cxd4 
g4 {... und gewinnt.} 0-1

[Event "Treppenturnier 2023"]
[Site "Turnierstufe"]
[Date "2024.04.12"]
[Round "28-1"]
[White "Chess Challenger"]
[Black "Academy"]
[Result "1/2-1/2"]
[WhiteElo "2009"]
[BlackElo "1999"]
[PlyCount "87"]

1.Nf3 d5 2.c4 {Buchende.} 2...c6 3.d4 Nf6 {Wieder Buch:} 4.cxd5 cxd5 5.Nc3 Nc6 
6.Bf4 Bf5 7.e3 {Erneut Buchende.} 7...e6 {Buchende.} 8.Qa4 a6 9.Ne5 Qa5 10.Qxa5 
Nxa5 11.Bd3 Bxd3 12.Nxd3 Be7 13.O-O O-O 14.Rfc1 Rac8 15.Na4 Nh5 16.Nb6 Rxc1+ 
17.Rxc1 Nxf4 18.Nxf4 Nc6 19.Nd3 h5 20.Nc5 Bxc5 21.Rxc5 Kh7 22.Kf1 Rd8 23.Ke2 
Kg6 24.h4 Kf6 25.b3 Rh8 26.Kf3 Rd8 27.a3 Rd6 28.Na8 Kf5 29.Nc7 Rd8 30.b4 Rc8 
31.e4+ Kg6 32.exd5 exd5 33.Nxd5 Nxd4+ 34.Ke4 Rxc5 35.bxc5 Nb3 $2 {"Fehler!" sagt
Hiarcs15.3.1. Unsere Oldies sagen 0.00.} 36.Nf4+ Kh6 37.Nd3 Kg6 38.Ne5+ ( 
{Hiarcs schlägt vor:} 38.Ke5 Nd2 39.a4 Nc4+ 40.Kd5 Na5 41.Kd6 Kf5 42.f3 Nc4+ 
43.Kc7 Ke6 44.Kxb7 Kd5 45.c6 Na5+ 46.Kxa6 Nxc6 47.Kb6 g6 48.Nf4+ Kd6 49.a5 {...
und gewinnt.} ) 38...Kf6 39.c6 bxc6 40.Nxc6 Ke6 41.Nd8+ Kf6 42.Nc6 Ke6 43.Nd8+ 
Kf6 44.Nc6 {und beide reklamieren Remis 3x.} 1/2-1/2